000 00609nam a22001817a 4500
003 UA-OsUOA
001 9266
007 ta
008 20041014b un ||||| |||| 00| 0 ukr d
100 _aТищенко К.
942 _cSA
040 _aUA-OsUOA
_cUA-OsUOA
_dUA-OsUOA
245 _aЖивий слід Риму в мові і географічних назвах України
300 _aС.67-73
955 _a0
773 0 _w0
_tДивослово (українська мова й література в навчальних закладах)
_dКиїв
_d2004
_g№10
650 7 _aІсторія
_2UDC
999 _c295427
_d295427